[Event "9"]
[Site "http://www.queenalice.com/game.php?id=1140911"]
[Date "2013.1.15"]
[Round "-"]
[White "Kir"]
[Black "leoskye"]
[Result "1-0"]
[WhiteElo "2100"]
[BlackElo "2001"]

1. d4 Nf6 2. Nf3 d5 3. e3 c6 4. Nbd2 Bg4 5. c4 e6 6. Qb3 Qc8 7. Bd3 Bd6 8. h3
Bh5 9. Nh4 Bg6 10. Nxg6 hxg6 11. Nf3 Nbd7 12. Bd2 dxc4 13. Qxc4 Nb6 14. Qb3 Nfd5
15. e4 1-0

[Event "Let's Play Chess!"]
[Site "http://www.queenalice.com/game.php?id=1157432"]
[Date "2013.3.5"]
[Round "-"]
[White "dnptrs"]
[Black "leoskye"]
[Result "1-0"]
[WhiteElo "2043"]
[BlackElo "1973"]

1. d4 Nf6 2. Nf3 d5 3. c4 c6 4. e3 g6 5. Ne5 Bg7 6. Nc3 O-O 7. Qb3 dxc4 8. Bxc4
e6 9. O-O Nd5 10. Bd2 Nd7 11. Nxd7 Qxd7 12. Rad1 a6 13. e4 Nc7 14. Bf4 b5 15.
Be2 Bb7 16. Bg4 Rad8 17. Bg5 f6 18. Bf4 h5 19. Bxc7 hxg4 20. Bxd8 Rxd8 21. Rd3
Qf7 22. a4 Kh7 23. axb5 cxb5 24. Rfd1 f5 25. d5 exd5 26. Nxd5 Bxd5 27. Rxd5 Re8
28. exf5 gxf5 29. h3 Re4 30. Qg3 Kg6 31. f3 Qa7+ 32. Kh1 Rc4 33. Rd6+ Bf6 34.
fxg4 f4 35. Qh4 Qe7 36. g5 1-0

[Event "Let's Play Chess!"]
[Site "http://www.queenalice.com/game.php?id=1157622"]
[Date "2013.3.5"]
[Round "-"]
[White "Eggchaser"]
[Black "leoskye"]
[Result "0-1"]
[WhiteElo "1821"]
[BlackElo "1963"]

1. Nf3 d5 2. c4 Nf6 3. d4 c6 4. Nc3 g6 5. e3 Bg7 6. Be2 O-O 7. O-O Nbd7 8. Qc2
Nb6 9. c5 Nbd7 10. b4 Qc7 11. Bb2 Re8 12. a4 a6 13. b5 axb5 14. axb5 Rxa1 15.
Rxa1 Nf8 16. b6 Qb8 17. Ne5 N6d7 18. Nf3 e5 19. Nxe5 Nxe5 20. dxe5 Bxe5 21. Bf3
Bxh2+ 0-1

[Event "Challenge"]
[Site "http://www.queenalice.com/game.php?id=1164051"]
[Date "2013.3.23"]
[Round "-"]
[White "leoskye"]
[Black "Talon"]
[Result "0-1"]
[WhiteElo "1951"]
[BlackElo "2327"]

1. b3 e5 2. Bb2 Nc6 3. e3 Nf6 4. Bb5 Bd6 5. d3 Ne7 6. d4 e4 7. Nd2 c6 8. Be2 Bc7
9. c4 d5 10. Rc1 O-O 11. f4 exf3 12. Ngxf3 Nf5 13. Nf1 Re8 14. Qd3 Ne4 15. c5
Ba5+ 16. Bc3 Bxc3+ 17. Rxc3 Qa5 18. g4 Ne7 19. a3 Nxc3 20. Qd2 Bxg4 21. h3 Qa6
22. Bxa6 Bxf3 23. Qxc3 Bxh1 24. Bxb7 Rab8 25. Ba6 Bg2 26. h4 Bxf1 27. Bxf1 Nf5
28. Bd3 Rxe3+ 29. Kf2 Rbe8 30. b4 Nxh4 31. Qc2 Rf3+ 32. Kg1 Re1+ 33. Kh2 g5 34.
Qd2 Rfe3 35. Qc2 g4 0-1

[Event "Challenge"]
[Site "http://www.queenalice.com/game.php?id=1166394"]
[Date "2013.3.30"]
[Round "-"]
[White "leoskye"]
[Black "MikeDoherty"]
[Result "0-1"]
[WhiteElo "2001"]
[BlackElo "2198"]

1. b3 e5 2. Bb2 Nc6 3. e3 Nf6 4. Bb5 Qe7 5. Bxc6 dxc6 6. d3 Bg4 7. f3 Bd7 8. Ne2
O-O-O 9. O-O g5 10. Nd2 Nd5 11. Nc4 f6 12. e4 Nf4 13. Ba3 Qg7 14. Nxf4 gxf4 15.
Kh1 h5 16. b4 h4 17. h3 Rg8 18. Rf2 Be6 19. Na5 Qg3 20. Qe2 Rd4 21. Rb1 Bxa2 22.
Rb2 Be6 23. Rb1 Be7 24. Rff1 Rdd8 25. Qf2 Qxf2 26. Rxf2 Rd4 27. Kh2 Rgd8 28.
Rff1 Rg8 29. Rfd1 Rdd8 30. Bc1 Bd7 31. c3 b6 32. Nc4 Be6 33. Nb2 Bb3 34. Rd2 Be6
35. Ra1 Kb7 36. Nd1 Rd7 37. Bb2 Rgd8 38. Nf2 c5 39. Ba3 cxb4 40. Bxb4 Bxb4 41.
cxb4 Bc4 42. Rad1 Bb5 43. Ng4 Rxd3 44. Rxd3 Rxd3 45. Rb1 Rd6 46. Nh6 Bd7 47. Ng8
f5 48. exf5 Bxf5 49. Re1 Re6 50. Rd1 Kc8 51. b5 Bh7 52. Ra1 Bxg8 53. Rxa7 Kb8
54. Ra4 Bh7 55. Kg1 Bd3 56. Rb4 Rd6 57. Rb3 Rd5 0-1

[Event "Challenge"]
[Site "http://www.queenalice.com/game.php?id=1166396"]
[Date "2013.3.30"]
[Round "-"]
[White "leoskye"]
[Black "EL_CHICO"]
[Result "0-1"]
[WhiteElo "1987"]
[BlackElo "2147"]

1. b3 d5 2. Bb2 c5 3. e3 Nc6 4. Bb5 Bd7 5. Nf3 e6 6. O-O Nf6 7. d3 Be7 8. Nbd2
Qc7 9. c4 h6 10. Qe2 a6 11. Bxc6 Bxc6 12. Ne5 Bd6 13. Ndf3 O-O-O 14. Nxc6 Qxc6
15. Ne5 Bxe5 16. Bxe5 Rhg8 17. Rfd1 Nd7 18. Bg3 e5 19. cxd5 Qxd5 20. Qb2 f6 21.
Rac1 Nb8 22. f3 Nc6 23. a3 Kb8 24. b4 cxb4 25. axb4 Qb5 26. d4 Rge8 27. dxe5
Nxe5 28. Rd4 Ka8 29. Rc5 Qb6 30. Bxe5 fxe5 31. Rxe5 Rxe5 32. Rxd8+ Qxd8 33. Qxe5
Qd2 34. h3 Qxb4 35. g4 a5 36. Kf2 a4 37. Qxg7 a3 38. Qg8+ Ka7 39. Qd5 b6 40.
Qf7+ Ka6 41. Qg8 Qd2+ 42. Kg3 Qxe3 43. Qa8+ Kb5 44. Qd5+ Qc5 45. Qd7+ Ka6 46.
Qa4+ Kb7 47. Qe4+ Qc6 48. Qb1 Qd5 49. f4 a2 50. Qe1 Qb3+ 51. Kh4 Qa3 52. Qa1 Ka6
53. Kh5 Qxh3+ 54. Kg6 Qd3+ 55. f5 Qb1 56. Qd4 a1=Q 57. Qc4+ Qb5 58. Qc8+ Ka5 59.
Qa8+ Qa6 60. Qd5+ b5+ 0-1

[Event "Challenge"]
[Site "http://www.queenalice.com/game.php?id=1166397"]
[Date "2013.3.30"]
[Round "-"]
[White "EL_CHICO"]
[Black "leoskye"]
[Result "0-1"]
[WhiteElo "2165"]
[BlackElo "1978"]

1. e4 e6 2. d4 d5 3. e5 c5 4. c3 Nc6 5. Nf3 Bd7 6. Be3 Qb6 7. Qc2 cxd4 8. Nxd4
Nxd4 9. cxd4 Rc8 10. Nc3 Ne7 11. Be2 Nf5 12. O-O Be7 13. Rad1 g6 14. a3 O-O 15.
Qd2 Nxe3 16. fxe3 f5 17. Rf3 Qb3 18. Rc1 a6 19. Bd1 Qb6 20. Rg3 Bh4 21. Rh3 Bg5
22. Be2 f4 23. Rf3 fxe3 24. Qd3 Rxf3 25. Bxf3 Qxb2 26. Rc2 Qxa3 27. Be2 Qa1+ 28.
Qd1 Qxd1+ 29. Bxd1 Rc4 30. Ne2 b5 31. g3 Bd8 32. Rc3 a5 33. Rxe3 Bg5 34. Rd3 a4
35. Nc3 Rxd4 36. Be2 b4 37. Na2 b3 38. Nc3 Rxd3 39. Bxd3 Be3+ 40. Kf1 Bd4 41.
Nb1 Bxe5 42. Ke2 Bd6 0-1

[Event "Challenge"]
[Site "http://www.queenalice.com/game.php?id=1166400"]
[Date "2013.3.30"]
[Round "-"]
[White "leoskye"]
[Black "manasses"]
[Result "0-1"]
[WhiteElo "1946"]
[BlackElo "2169"]

1. b3 Nf6 2. Bb2 g6 3. Nf3 Bg7 4. g3 O-O 5. Bg2 d6 6. O-O c5 7. d3 Nc6 8. Nbd2
Bd7 9. e4 e5 10. a3 a6 11. c4 b6 12. Re1 Rb8 13. Bc3 Qc8 14. Nf1 b5 15. Ne3 Nd4
16. Nd5 Nxd5 17. exd5 Nf5 18. Nd2 Nd4 19. Ne4 f5 20. Ng5 h6 21. Bxd4 cxd4 22.
Ne6 Re8 23. Nxg7 Kxg7 24. Rc1 Qd8 25. c5 dxc5 26. Rxc5 Rc8 27. b4 Qg5 28. Qc1 f4
29. gxf4 exf4 30. Kh1 Qg4 31. f3 Qh4 32. Re4 Qf2 33. Qg1 Qxg1+ 0-1

[Event "Challenge"]
[Site "http://www.queenalice.com/game.php?id=1168350"]
[Date "2013.4.4"]
[Round "-"]
[White "tallos"]
[Black "leoskye"]
[Result "1-0"]
[WhiteElo "2142"]
[BlackElo "1960"]

1. e4 e6 2. d4 d5 3. Nd2 Nf6 4. e5 Nfd7 5. Bd3 c5 6. c3 cxd4 7. cxd4 Nc6 8. Ngf3
Qb6 9. O-O Nxd4 10. Nxd4 Qxd4 11. Nf3 Qb6 12. Qa4 a6 13. a3 Be7 14. Qg4 Bf8 15.
b4 Qc7 16. Bf4 b5 17. Rac1 Qb6 18. Rc2 g6 19. Rfc1 Bb7 20. Rc7 Qa7 21. Be3 Qb8
22. Qf4 h6 23. h4 Be7 24. R1c2 Bd8 25. Rxd7 Kxd7 26. Qxf7+ Be7 27. Nd4 Qxe5 28.
Bf4 Qe1+ 29. Kh2 Rac8 30. Re2 Qxe2 31. Bxe2 Rcf8 32. Qxe6+ Ke8 33. Qxg6+ 1-0

[Event "Challenge"]
[Site "http://www.queenalice.com/game.php?id=1168351"]
[Date "2013.4.4"]
[Round "-"]
[White "leoskye"]
[Black "tallos"]
[Result "1/2-1/2"]
[WhiteElo "1947"]
[BlackElo "2245"]

1. d4 g6 2. c4 Nf6 3. Nc3 Bg7 4. e4 d6 5. f4 O-O 6. Bd3 Na6 7. a3 e5 8. fxe5
dxe5 9. d5 Nc5 10. Bc2 a5 11. Nf3 Qe7 12. O-O Bd7 13. Bg5 h6 14. Bh4 Qd6 15. Rb1
a4 16. Qe2 Nh5 17. Bf2 Nf4 18. Qe3 b6 19. Kh1 Rae8 20. g3 Nh3 21. Ng1 Nxf2+ 22.
Rxf2 f5 23. Rbf1 Nxe4 24. Bxe4 fxe4 25. Nxe4 Qe7 26. Kg2 Rxf2+ 27. Rxf2 Rf8 28.
h3 Rxf2+ 29. Kxf2 Qf7+ 30. Kg2 Bf5 31. Nf3 Qe7 32. g4 Bc8 33. Kg3 Qf7 34. Qe2
Bd7 35. Nc3 Qf4+ 36. Kg2 Kh7 37. Ne4 Kg8 38. Qc2 Bf8 39. Nf2 Kh7 40. Qe4 Bd6 41.
Ne1 Be8 42. Qxf4 exf4 43. Ne4 Be7 44. Kf3 g5 45. Nd3 Kg6 46. h4 Bd6 47. hxg5
hxg5 48. c5 bxc5 49. Nexc5 Bf7 50. Ke4 Be8 51. Nb7 Bb5 52. Nf2 Be7 53. Nd3 Bf6
54. Nbc5 Bxd3+ 55. Nxd3 Kf7 56. Nc5 Bxb2 57. Nxa4 Bxa3 58. Nc3 Bd6 59. Ne2 Bc5
60. Nc3 Kf6 61. Nb5 Bb6 62. Na3 Bc5 63. Nc4 Bd6 64. Nd2 Bb4 65. Nf3 Bc5 66. Ne5
Bb4 67. Nf3 Be7 68. Ne5 Bd6 69. Nf3 Bc5 70. Ne5 Bd6 71. Nf3 Bc5 72. Ne5 Bd6 73.
Nf3 1/2-1/2

[Event "Challenge"]
[Site "http://www.queenalice.com/game.php?id=1170127"]
[Date "2013.4.10"]
[Round "-"]
[White "leoskye"]
[Black "Chalezuba"]
[Result "0-1"]
[WhiteElo "1949"]
[BlackElo "2384"]

1. b3 e5 2. Bb2 Nc6 3. e3 Nf6 4. Bb5 d6 5. Bxc6+ bxc6 6. d3 Be7 7. Nf3 Qd7 8. h3
O-O 9. e4 Qe8 10. Nbd2 Nh5 11. g3 f5 12. Qe2 fxe4 13. dxe4 a5 14. a3 Nf6 15. O-O
Bxh3 16. Rfe1 Ng4 17. Qd3 Qh5 18. Re2 Rf7 19. b4 Raf8 20. bxa5 Bf1 21. Nxf1 Rxf3
22. Qc4+ Kh8 23. Qxc6 Nxf2 0-1

[Event "Challenge"]
[Site "http://www.queenalice.com/game.php?id=1170845"]
[Date "2013.4.12"]
[Round "-"]
[White "leoskye"]
[Black "RogerioJJ"]
[Result "0-1"]
[WhiteElo "1977"]
[BlackElo "2126"]

1. b3 d5 2. Bb2 Nc6 3. e3 e5 4. Bb5 Qd6 5. Nf3 f6 6. O-O Bg4 7. h3 Bh5 8. g4 Bf7
9. Ba3 Qd7 10. Bxf8 Kxf8 11. d3 g5 12. Nbd2 h5 13. Nh2 hxg4 14. hxg4 Nge7 15. f3
Qd6 16. Bxc6 Nxc6 17. Rf2 Ke7 18. Ndf1 Kd7 19. Ng3 Ne7 20. e4 Qc5 21. Kf1 Rh3
22. Ke2 Rxg3 0-1

[Event "Challenge"]
[Site "http://www.queenalice.com/game.php?id=1182277"]
[Date "2013.5.17"]
[Round "-"]
[White "MikeDoherty"]
[Black "leoskye"]
[Result "1-0"]
[WhiteElo "2271"]
[BlackElo "1949"]

1. e4 e6 2. d4 d5 3. e5 c5 4. c3 Qb6 5. Nf3 Nc6 6. a3 Bd7 7. Be2 cxd4 8. cxd4
Nge7 9. Nc3 Ng6 10. O-O Be7 11. Rb1 O-O 12. Be3 Na5 13. b4 Nc6 14. Bd3 a6 15.
Bc2 Qd8 16. Qd3 b5 17. g3 Re8 18. h4 Rc8 19. Ne2 f5 20. h5 Nf8 21. Nf4 h6 22.
Kh2 Qc7 23. Rbc1 Qb6 24. Rg1 Rc7 25. g4 Rec8 26. gxf5 exf5 27. Nxd5 Qb7 28. Bxh6
g6 29. Nxc7 Rxc7 30. d5 Rc8 31. dxc6 Bxc6 32. Qxf5 1-0

[Event "Challenge"]
[Site "http://www.queenalice.com/game.php?id=1183506"]
[Date "2013.5.22"]
[Round "-"]
[White "leoskye"]
[Black "DenianCXI"]
[Result "0-1"]
[WhiteElo "1967"]
[BlackElo "2182"]

1. b3 e5 2. Bb2 Nc6 3. e3 d5 4. Bb5 Bd6 5. Bxc6+ bxc6 6. Ne2 Ne7 7. O-O O-O 8.
d3 Bf5 9. Ng3 Bg6 10. Nd2 Qd7 11. e4 f5 12. f3 f4 13. Ne2 Rf6 14. c3 c5 15. Qc2
Bf7 16. a3 Rg6 17. Kh1 Rh6 18. Kg1 c4 19. b4 c5 20. Rfd1 a5 21. bxa5 cxd3 22.
Qxd3 Qa7 23. c4 d4 24. g4 Nc6 25. Kg2 Nxa5 26. h3 Qa6 27. Rac1 Be7 28. Rh1 Rb8
29. Rc2 Rhb6 30. Bc1 Nb3 31. Bb2 Be8 32. Nb1 Na5 33. Bxd4 cxd4 34. Rcc1 Rb3 35.
Qd1 Nxc4 0-1

[Event "Challenge"]
[Site "http://www.queenalice.com/game.php?id=1183507"]
[Date "2013.5.22"]
[Round "-"]
[White "leoskye"]
[Black "lawyerplayer"]
[Result "0-1"]
[WhiteElo "1939"]
[BlackElo "2106"]

1. b3 d5 2. Bb2 c5 3. Nf3 Nc6 4. d3 d4 5. g3 e5 6. Bg2 Bd6 7. Nbd2 f5 8. O-O Nf6
9. e4 O-O 10. exf5 Bxf5 11. Nh4 Bg4 12. f3 Bd7 13. Bh1 Be7 14. Ng2 Qc7 15. Qe2
b5 16. Ne4 Rae8 17. g4 Nd5 18. Qd2 Nf4 19. Nxf4 Rxf4 20. h3 Nb4 21. Bc1 Nd5 22.
Qe2 Rff8 23. Bg2 Nf6 24. Bd2 Nxe4 25. fxe4 Be6 26. Rxf8+ Rxf8 27. Rf1 c4 28.
Rxf8+ Bxf8 29. Be1 c3 30. Bg3 a5 31. Qe1 Bd6 32. Qc1 a4 33. Qb1 Qa5 34. Bh4 axb3
35. axb3 Qa3 36. Bg5 Qb2 37. Qd1 Bxb3 38. cxb3 c2 39. Qf1 Be7 40. Bd2 g6 41. g5
Qxb3 42. Bf3 Qb1 43. Bc1 Kf8 44. Bg4+ Ke8 45. Be6 Kd8 46. h4 b4 47. Kg2 b3 48.
Qe1 Qa2 49. Qd2 Qa4 50. Qf2 Ba3 51. Qf6+ Kc7 52. Qxe5+ Bd6 53. Qg7+ Kb6 54. Bd5
Bc7 55. Qf6+ Ka5 0-1

[Event "Challenge"]
[Site "http://www.queenalice.com/game.php?id=1183508"]
[Date "2013.5.22"]
[Round "-"]
[White "leoskye"]
[Black "goldenboy"]
[Result "0-1"]
[WhiteElo "1960"]
[BlackElo "2080"]

1. b3 e5 2. Bb2 Nc6 3. e3 d5 4. Bb5 Qg5 5. Bf1 Nf6 6. Nf3 Qh5 7. Be2 Bg4 8. h3
e4 9. Nh2 Bxe2 10. Qxe2 Qxe2+ 11. Kxe2 Be7 12. d4 Nb4 13. Na3 a6 14. f4 exf3+
15. gxf3 Rc8 16. c3 Nc6 17. Ng4 Nh5 18. Kd3 O-O 19. Rag1 f5 20. Ne5 Nxe5+ 21.
dxe5 f4 22. e4 dxe4+ 23. fxe4 Rcd8+ 24. Kc2 Ng3 25. Rh2 Nxe4 26. Rhg2 g6 27. Rf1
f3 28. Rh2 f2 29. Bc1 Rf3 30. Nb1 Bc5 31. Nd2 Nxd2 32. Bxd2 Rfd3 33. Bg5 R8d5
34. b4 Ba7 35. Bh6 Rg3 36. c4 Rxe5 37. c5 Re2+ 38. Bd2 a5 39. Rfxf2 Rxf2 40.
Rxf2 axb4 41. Bxb4 Rg5 42. Rd2 Bxc5 43. Rd8+ Kf7 44. Bc3 Bd6 45. Rh8 h5 46. Rh7+
Ke6 47. Rg7 Rc5 48. Kd3 Rg5 49. h4 Rg3+ 50. Kc2 Rxc3+ 0-1

[Event "Challenge"]
[Site "http://www.queenalice.com/game.php?id=1213844"]
[Date "2013.9.2"]
[Round "-"]
[White "leoskye"]
[Black "pestiferous"]
[Result "1/2-1/2"]
[WhiteElo "1940"]
[BlackElo "1978"]

1. d4 e6 2. Nf3 Nf6 3. g3 d5 4. Bg2 b6 5. O-O Be7 6. b3 Nbd7 7. Bb2 Ba6 8. Nbd2
O-O 9. Re1 Bb7 10. c4 c6 11. Rc1 Rc8 12. e4 dxe4 13. Nxe4 Nxe4 14. Rxe4 Nf6 15.
Re1 Qc7 16. Ne5 Rfd8 17. Qe2 c5 18. dxc5 Bxc5 19. Rcd1 Bxg2 20. Kxg2 Nd7 21.
Nxd7 Rxd7 22. Rxd7 Qxd7 23. Qg4 Bf8 24. Qe2 Rd8 25. Qe5 Qd6 26. Re2 Qxe5 27.
Bxe5 Bb4 28. Kf3 f6 29. Bb2 Rd2 30. a3 Rxe2 31. Kxe2 Bd6 32. h3 Kf7 33. g4 Kg6
34. a4 Kg5 35. Kf3 Kh4 36. Kg2 Bc5 37. f3 e5 38. Bc3 Bd4 39. Be1+ Kg5 40. h4+
Kg6 41. h5+ Kf7 42. Bd2 g6 43. hxg6+ hxg6 44. Kg3 Ke6 45. Bb4 a5 46. Bd2 f5 47.
gxf5+ gxf5 48. Bh6 Bc5 49. Bg5 Bd4 50. Bd2 Bc5 51. Bc3 Kd6 52. Kg2 Ke6 53. Kf1
e4 54. fxe4 fxe4 55. Ke2 Kf5 56. Bg7 e3 57. Bc3 Ke4 58. Bf6 Bd4 59. Bd8 Bc5 60.
Bf6 Bd4 61. Bd8 Bc5 62. Bf6 Bd4 63. Bd8 1/2-1/2

[Event "OS INCLIVEIS"]
[Site "http://www.queenalice.com/game.php?id=1224512"]
[Date "2013.10.14"]
[Round "-"]
[White "adelio"]
[Black "leoskye"]
[Result "0-1"]
[WhiteElo "1780"]
[BlackElo "1930"]

1. b4 Nf6 2. b5 e5 3. Bb2 d6 4. Nc3 b6 5. e4 Bb7 6. Bd3 g6 7. Nf3 Bg7 8. Nd5
Nxd5 9. exd5 Bxd5 10. Qe2 Nd7 11. h4 h5 12. c4 Bb7 13. O-O f5 14. Ng5 Qe7 15.
Rae1 O-O-O 16. a4 Nc5 17. Bc2 Ne6 18. g3 Nxg5 19. hxg5 Qxg5 20. Qd3 h4 21. Re3
hxg3 22. f3 Qh5 23. Qxf5+ gxf5 24. Bxf5+ Kb8 25. Bh3 Qxh3 26. Rf2 Qh1# 0-1

[Event "Challenge"]
[Site "http://www.queenalice.com/game.php?id=1238998"]
[Date "2013.12.10"]
[Round "-"]
[White "leoskye"]
[Black "pizzaiolo72"]
[Result "0-1"]
[WhiteElo "1942"]
[BlackElo "2023"]

1. d4 d5 2. c4 c6 3. Nc3 Bf5 4. e3 e6 5. Nf3 Nf6 6. Bd3 dxc4 7. Bxc4 Bb4 8. O-O
O-O 9. a3 Ba5 10. b4 Bc7 11. Bb2 Nbd7 12. Re1 Bg4 13. h3 Bh5 14. g4 Bg6 15. Rc1
Nb6 16. Bd3 h6 17. Bxg6 fxg6 18. Qb3 Nfd5 19. Nd2 Qh4 20. Nce4 Qxh3 21. Nf1
Qxg4+ 22. Neg3 h5 23. Qd1 Qh3 24. Rc2 h4 25. Nh1 Rf3 26. b5 cxb5 27. Bc1 Qg4+
28. Nfg3 hxg3 29. fxg3 Raf8 30. Rg2 Nc3 31. Qc2 Nbd5 32. e4 Bb6 33. exd5 Bxd4+
34. Nf2 Bxf2+ 35. Rxf2 Qxg3+ 0-1

[Event "Challenge"]
[Site "http://www.queenalice.com/game.php?id=1238999"]
[Date "2013.12.10"]
[Round "-"]
[White "leoskye"]
[Black "ratorei"]
[Result "1-0"]
[WhiteElo "1929"]
[BlackElo "1988"]

1. d4 Nf6 2. c4 e6 3. Nc3 c6 4. Nf3 d5 5. e3 Bd6 6. Bd3 Nbd7 7. O-O O-O 8. b3 e5
9. dxe5 Nxe5 10. Nxe5 Bxe5 11. Bb2 Be6 12. h3 dxc4 13. bxc4 Qe7 14. Rc1 Rad8 15.
Qe2 Nd7 16. Rfd1 Qh4 17. f4 Bf6 18. Qe1 Qxe1+ 19. Rxe1 Nc5 20. Be2 Rd2 21. Ba1
Rfd8 22. g4 Bxc3 23. Bxc3 Rxa2 24. f5 Bc8 25. Bd4 Ne4 26. Ra1 Rxa1 27. Rxa1 c5
28. Be5 a6 29. Bc7 Rd2 30. Bf3 Nd6 31. Bd5 Ne8 32. Ba5 Rb2 33. Bc3 Rb3 34. Bd2
b6 35. Kf2 Nc7 36. Bf3 Kf8 37. Bd1 Rb2 38. Ke1 Bb7 39. Be2 f6 40. Bc3 Rc2 41.
Bd2 Be4 42. Kd1 Rb2 43. Bc3 Rc2 44. Bd2 g6 45. fxg6 hxg6 46. Ra3 Rb2 47. Bc1 Rb1
48. Kd2 a5 49. h4 Ne8 50. Rc3 Nd6 51. Bd3 Ra1 52. Rc2 Bf3 53. Bxg6 Bxg4 54. Bd3
Kf7 55. Rb2 Nc8 56. Rb1 Rxb1 57. Bxb1 Nd6 58. Kc3 Ke6 59. e4 f5 60. exf5+ Nxf5
61. Bg5 Nd4 62. Bd8 Nf3 63. Bxb6 Nxh4 64. Bxc5 Ke5 65. Bb6 Nf5 66. Bxa5 Nd6 67.
Bc7 Ke6 68. Kd4 Kd7 69. Ba5 Nb7 70. Bd2 Be6 71. Bc2 Kc6 72. Be4+ Kc7 73. Bf4+
Kb6 74. Bg2 Na5 75. c5+ Kb5 76. Bf1+ Kc6 77. Bg2+ Kb5 78. Ke5 Bd7 79. Kd6 Bc6
80. Bf1+ Ka4 81. Be2 Bg2 82. Bd1+ Kb5 83. Be2+ Ka4 84. Kc7 Kb4 85. Bd2+ Ka4 86.
Kb6 Nc6 87. Bb5+ 1-0